Vocabulario económico
Salvato in:
| Autore principale: | |
|---|---|
| Natura: | Libro |
| Lingua: | spagnolo |
| Pubblicazione: |
Ciudad de México
Centro de Estudios y Documentación Sociales
1964
|
| Serie: | Manuales de Educación Cívica, 16
|
| Soggetti: | |
| Tags: |
Aggiungi Tag
Nessun Tag, puoi essere il primo ad aggiungerne!!
|
MARC
| LEADER | 00000nam a2200000 a 4500 | ||
|---|---|---|---|
| 001 | UCT6911 | ||
| 003 | CL-VaPUC | ||
| 008 | 970113e19640000MX |||||||||||||||||spa|d | ||
| 082 | 0 | 4 | |a 330.03 |b ALB |2 21 |
| 100 | 0 | |a Alba, Víctor |e author |9 377300 | |
| 245 | 1 | 0 | |a Vocabulario económico |
| 300 | |a 106 p | ||
| 942 | |c BK | ||
| 945 | |d 19970113 00:00:00 |a paguirre | ||
| 260 | |a Ciudad de México |b Centro de Estudios y Documentación Sociales |c 1964 | ||
| 650 | 0 | |a Economía |9 255568 | |
| 650 | 0 | |a Vocabularios |9 316229 | |
| 650 | 7 | |a TERMINOLOGIA |2 CL-VaPUC |9 254881 | |
| 650 | 0 | |a Ciencias sociales |9 256351 | |
| 583 | |a last modification |c 19970113 00:00:00 |k Rodrigo Vera | ||
| 490 | 0 | |a Manuales de Educación Cívica, 16 | |
| 999 | |c 255580 |d 255578 | ||
| 952 | |0 0 |1 0 |4 0 |6 330_030000000000000_ALB_1964 |7 0 |8 F |9 277886 |a BIBDER |b BIBDER |d 2019-11-19 |i 1804162 |o 330.03 ALB 1964 |p 1804162 |r 2023-01-25 |w 2019-11-19 |y BK_F |k DER | ||